| 000 | 00516nam a2200169 a 4500 | ||
|---|---|---|---|
| 001 | 000024846 | ||
| 005 | 20200930023414.0 | ||
| 008 | 110207s1985 dr 000 0 spa d | ||
| 040 |
_aDO-SdBNP _bspa _cBNPHU |
||
| 082 |
_axxx _bO77c |
||
| 100 | 1 |
_aOrtíz, S. Salvador _97930 |
|
| 245 | 1 | 0 |
_aComentarios económico / _cS. Salvador Ortíz. |
| 260 |
_a[Santo Domingo] : _bCentro de Estudios Monetarios y Bancarios (CEMYB), _c1985. |
||
| 300 |
_av. ; _c22 cm. |
||
| 500 | _aLa biblioteca posee el tomo II | ||
| 049 | _aBNPD | ||
| 999 |
_c24339 _d24339 |
||